Harry Potter: le Cognard - Statistiques

Statistiques générales
  • Ce quiz a été pris 56 fois
  • Le résultat moyen est 5 sur 5
Statistiques - réponses
Information Réponses % Correct
Membres de l'équipe qui le frappent Batteurs
98%
Première apparition Harry Potter à l'école des sorciers
96%
Dernière apparition Harry Potter et le Prince de Sang Mêlé
96%
Dernière mention Harry Potter et les Reliques de la Mort
92%
Utilisation Frapper violemment les joueurs afin de les neutraliser pendant un match de Quidditch
83%
Aucun quiz correspondant
Distribution des résultats
% des personnes avec chaque résultat
Percentile par nombre de réponses
Votre historique - résultats
Vous n’avez pas pris ce quiz